Sorbanállas - kiszolgálas, bevezetes a ...

Guardado en:
Detalles Bibliográficos
Formato: Libro
Lenguaje:húngaro
Publicado: Budapest Műszaki könyvkiadó 1979
Etiquetas: Agregar Etiqueta
Sin Etiquetas, Sea el primero en etiquetar este registro!

MARC

LEADER 00000nam a2200000 4500
001 0223425
005 20260105123116.2
041 0 |a hun 
044 |a HU 
245 1 0 |a Sorbanállas - kiszolgálas, bevezetes a ...  |c Leonard Kleinrock ; prekl. György Mihaletzky 
264 1 |a Budapest  |b Műszaki könyvkiadó  |c 1979 
300 |a 351 s.